<?xml version="1.0" encoding="UTF-8"?>
<record
    xmlns:xsi="http://www.w3.org/2001/XMLSchema-instance"
    xsi:schemaLocation="http://www.loc.gov/MARC21/slim http://www.loc.gov/standards/marcxml/schema/MARC21slim.xsd"
    xmlns="http://www.loc.gov/MARC21/slim">

  <leader>01738cam a22002778i 4500</leader>
  <controlfield tag="001">23903459</controlfield>
  <controlfield tag="005">20250110174817.0</controlfield>
  <controlfield tag="007">t|</controlfield>
  <controlfield tag="008">241025s2025    enk      b    001 0 eng  </controlfield>
  <datafield tag="010" ind1=" " ind2=" ">
    <subfield code="a">  2024050322</subfield>
  </datafield>
  <datafield tag="020" ind1=" " ind2=" ">
    <subfield code="a">9781398618428</subfield>
  </datafield>
  <datafield tag="035" ind1=" " ind2=" ">
    <subfield code="a">(DLC)23903459</subfield>
  </datafield>
  <datafield tag="040" ind1=" " ind2=" ">
    <subfield code="a">DLC</subfield>
    <subfield code="b">eng</subfield>
    <subfield code="e">rda</subfield>
    <subfield code="c">DLC</subfield>
    <subfield code="d">DLC</subfield>
    <subfield code="d">DLC-MRC</subfield>
  </datafield>
  <datafield tag="041" ind1=" " ind2=" ">
    <subfield code="a">eng</subfield>
  </datafield>
  <datafield tag="050" ind1="0" ind2="0">
    <subfield code="a">HF5415.1265</subfield>
    <subfield code="b">.R688 2025</subfield>
  </datafield>
  <datafield tag="100" ind1=" " ind2=" ">
    <subfield code="a">Rowles, Daniel</subfield>
    <subfield code="e">author</subfield>
    <subfield code="9">21627</subfield>
  </datafield>
  <datafield tag="245" ind1="1" ind2="0">
    <subfield code="a">Digital branding</subfield>
    <subfield code="b">: how to successfully build and measure a brand online</subfield>
    <subfield code="c">/ Daniel Rowles.</subfield>
  </datafield>
  <datafield tag="250" ind1=" " ind2=" ">
    <subfield code="a">Fourth edition.</subfield>
  </datafield>
  <datafield tag="260" ind1=" " ind2=" ">
    <subfield code="a">London ;</subfield>
    <subfield code="a">New York, NY :</subfield>
    <subfield code="b">Kogan Page,</subfield>
    <subfield code="c">2025.</subfield>
  </datafield>
  <datafield tag="300" ind1=" " ind2=" ">
    <subfield code="a">xiv, 218 pages : illustrations ; 24 cm.</subfield>
  </datafield>
  <datafield tag="504" ind1=" " ind2=" ">
    <subfield code="a">Includes bibliographical references and index.</subfield>
  </datafield>
  <datafield tag="520" ind1=" " ind2=" ">
    <subfield code="a">Your brand is shaped by your actions and decisions. In the digital world, every move influences your brand image. Elevate your online presence and delve into key marketing channels with this acclaimed guide. Tailored for marketers and brand strategists, Digital Branding is an invaluable resource for enhancing your brand's identity and online presence. It offers practical, step-by-step guidance on developing your branding, backed by the expertise of a respected CIM fellow, course leader and industry influencer. This comprehensive guide establishes a sturdy framework for brand planning, identity development and channel selection. Drawing insights from industry giants like PWC, BBC and Specsavers, the book is now in its fully updated fourth edition. This latest edition introduces the new version of Google Analytics, Generative AI and changes to the SEO and social algorithm.</subfield>
  </datafield>
  <datafield tag="650" ind1=" " ind2="0">
    <subfield code="a">Internet marketing</subfield>
    <subfield code="9">1133</subfield>
  </datafield>
  <datafield tag="650" ind1=" " ind2="0">
    <subfield code="a">Branding (Marketing)</subfield>
    <subfield code="9">6284</subfield>
  </datafield>
  <datafield tag="942" ind1=" " ind2=" ">
    <subfield code="2">lcc</subfield>
  </datafield>
  <datafield tag="952" ind1=" " ind2=" ">
    <subfield code="0">0</subfield>
    <subfield code="1">0</subfield>
    <subfield code="2">lcc</subfield>
    <subfield code="4">0</subfield>
    <subfield code="7">0</subfield>
    <subfield code="a">TBS</subfield>
    <subfield code="b">TBS</subfield>
    <subfield code="d">2025-01-10</subfield>
    <subfield code="l">2</subfield>
    <subfield code="o">HF5415.1265 ROW</subfield>
    <subfield code="p">B05969</subfield>
    <subfield code="r">2025-09-08</subfield>
    <subfield code="s">2025-05-09</subfield>
    <subfield code="t">1</subfield>
    <subfield code="w">2025-01-10</subfield>
    <subfield code="y">1</subfield>
  </datafield>
  <datafield tag="999" ind1=" " ind2=" ">
    <subfield code="c">4457</subfield>
    <subfield code="d">4457</subfield>
  </datafield>
</record>
